LEADER 01113nam 2200325Ka 450 001 9910695892903321 005 20070504121150.0 035 $a(CKB)5470000002372858 035 $a(OCoLC)123981290 035 $a(EXLCZ)995470000002372858 100 $a20070504d2003 ua 0 101 0 $aeng 181 $ctxt$2rdacontent 182 $cc$2rdamedia 183 $acr$2rdacarrier 200 10$aFinancial management$b[electronic resource] $epurchase card internal control weaknesses expose FMS headquarters to improper and questionable purchases 210 1$a[Washington, D.C.] :$cOffice of Inspector General, Dept. of the Treasury,$d[2003] 215 $a42 pages $cdigital, PDF file 225 1 $aAudit report ;$vOIG-04-014 300 $aTitle from title screen (viewed on May 4, 2007). 300 $a"December 19, 2003." 517 $aFinancial management 606 $aGovernment purchase cards$zUnited States 615 0$aGovernment purchase cards 801 0$bGPO 801 1$bGPO 906 $aBOOK 912 $a9910695892903321 996 $aFinancial Management$9424135 997 $aUNINA